Statistiche per Elenca la formazione - Quiz n°74

Clicka qui per fare il quiz!

Statistiche generali

  • Questo quiz è stato fatto 16 volte
  • Il punteggio medio è 8 su 11

Statistiche sulle risposte

RuoloNazioneCalciatore% Corretto
PortiereCileClaudio Bravo
88%
CentrocampistaSpagnaDavid Silva
88%
CentrocampistaBelgioKevin De Bruyne
88%
CentrocampistaBrasileFernandinho
81%
DifensoreArgentinaNicolas Otamendi
75%
DifensoreSerbiaAleksandar Kolarov
69%
DifensoreInghilterraJohn Stones
69%
AttaccanteInghilterraRaheem Sterling
69%
DifensoreFranciaBacary Sagna
50%
AttaccanteNigeriaKelechi Iheanacho
44%
AttaccanteSpagnaNolito
38%

Distribuzione punteggi

Percentile per numero di risposta

Percentuale di utenti per punteggio

I tuoi punteggi nel tempo

Non hai fatto questo quiz